Public spaces and urbanity : construction and design manual : how to design humane cities (Record no. 12322)

000 -LEADER
fixed length control field 00409 a2200145 4500
003 - CONTROL NUMBER IDENTIFIER
control field OSt
005 - DATE AND TIME OF LATEST TRANSACTION
control field 20240117131247.0
008 - FIXED-LENGTH DATA ELEMENTS--GENERAL INFORMATION
fixed length control field 240117b ||||| |||| 00| 0 eng d
020 ## - INTERNATIONAL STANDARD BOOK NUMBER
International Standard Book Number 9783869226132
082 ## - DEWEY DECIMAL CLASSIFICATION NUMBER
Classification number 720.103
Item number PAR
100 ## - MAIN ENTRY--PERSONAL NAME
Personal name Pålsson, Karsten
245 ## - TITLE STATEMENT
Title Public spaces and urbanity : construction and design manual : how to design humane cities
260 ## - PUBLICATION, DISTRIBUTION, ETC. (IMPRINT)
Name of publisher, distributor, etc DOM Publishers
Date of publication, distribution, etc 2017
942 ## - ADDED ENTRY ELEMENTS (KOHA)
Source of classification or shelving scheme
Holdings
Withdrawn status Lost status Source of classification or shelving scheme Damaged status Koha normalized classification for sorting Not for loan Permanent location Current location Date acquired Source of acquisition Cost, normal purchase price Full call number Barcode Date last seen Cost, replacement price Price effective from Koha item type
        720_103000000000000_PAR   BMS College of Architecture, Design and Planning BMS College of Architecture, Design and Planning 2024-01-17 1 4748.10 720.103 PAR AR-UG3532 2024-01-17 6330.80 2024-01-17 UG Books
Copyright © 2025, The Librarian, Library and Information Centre, BMSCA D&P, Bengaluru. All Rights Reserved
web counter

Powered by Koha